000
00231nam a2200109Ia 4500
008
190216s9999||||xx |||||||||||||| ||und||
100
_a
Joseph D
245
0
_a
Notes In Costing
260
_b
Null
_c
1958
300
_a
431p
942
_c
BK
999
_c
4734
_d
4734